[Event "Maastricht Limburg op-C 6th"]
[Site "Maastricht"]
[Date "2012.05.28"]
[Round "7"]
[White "Valembois, Pierre"]
[Black "Lambrechts, Anne"]
[Result "0-1"]
[WhiteElo "1316"]
[BlackElo "1410"]
[PlyCount "68"]
[EventDate "2012.05.25"]
[EventType "swiss"]
[EventRounds "7"]
[EventCountry "NED"]
[SourceTitle "EXT 2013"]
[Source "ChessBase"]
[SourceDate "2012.11.22"]
[SourceVersion "1"]
[SourceVersionDate "2012.11.22"]
[SourceQuality "1"]

1. g4 e5 2. Bg2 Nc6 3. Nc3 g6 4. Nh3 Bg7 5. d3 d6 6. Be3 Bxg4 7. Qd2 Qd7 8. Nd5 0-0-0 9. Bg5 Re8 10. Nb4 Bxh3 11. Bxc6 bxc6 12. Na6 c5 13. Qa5 Ne7 14. Nb4 cxb4 15. Qxa7 Qc6 16. f3 Qb7 17. Qa4 Nc6 18. c3 Bd7 19. cxb4 Qxb4+ 20. Qxb4 Nxb4 21. Kf2 h6 22. Bd2 Nc6 23. a4 e4 24. a5 Bxb2 25. Ra2 Bd4+ 26. e3 Ba7 27. a6 exd3 28. Kg3 Rhg8 29. Ra3 Re5 30. Rxd3 Rb5 31. Ra1 Re8 32. e4 g5 33. h4 gxh4+ 34. Kxh4 Bf2# 0-1

[Event "Maastricht Limburg op-C 6th"]
[Site "Maastricht"]
[Date "2012.05.27"]
[Round "4"]
[White "Lambrechts, Anne"]
[Black "Ulburghs, Piet"]
[Result "0-1"]
[WhiteElo "1410"]
[BlackElo "1650"]
[PlyCount "62"]
[EventDate "2012.05.25"]
[EventType "swiss"]
[EventRounds "7"]
[EventCountry "NED"]
[SourceTitle "EXT 2013"]
[Source "ChessBase"]
[SourceDate "2012.11.22"]
[SourceVersion "1"]
[SourceVersionDate "2012.11.22"]
[SourceQuality "1"]

1. Nf3 c5 2. c4 e6 3. g3 d5 4. cxd5 exd5 5. e3 Nc6 6. Bg2 d4 7. d3 Be7 8. 0-0 Nf6 9. Re1 0-0 10. Nbd2 Bg4 11. h3 Bh5 12. Kh2 Qc7 13. b3 Rad8 14. exd4 Nxd4 15. Bb2 Nc6 16. Nc4 b5 17. Nce5 Nd4 18. Rc1 Nxf3+ 19. Nxf3 Nd5 20. Bc3 a5 21. d4 Nxc3 22. Rxc3 c4 23. Rce3 Bb4 24. R1e2 Bc5 25. Re4 c3 26. Rh4 Bxf3 27. Bxf3 Be7 28. Rhe4 Bf6 29. Rc2 b4 30. Qd3 Qd6 31. Rh4 Bxh4 0-1

[Event "NED-ch U20 Girls"]
[Site "Haarlem"]
[Date "2012.05.03"]
[Round "6"]
[White "Thoma, Sophia"]
[Black "Lambrechts, Anne"]
[Result "1-0"]
[WhiteElo "1917"]
[BlackElo "1374"]
[PlyCount "55"]
[EventDate "2012.04.28"]
[EventType "tourn"]
[EventRounds "9"]
[EventCountry "NED"]
[SourceTitle "EXT 2013"]
[Source "ChessBase"]
[SourceDate "2012.11.22"]
[SourceVersion "1"]
[SourceVersionDate "2012.11.22"]
[SourceQuality "1"]

1. e4 e5 2. Nf3 Nc6 3. Bb5 Nf6 4. Qe2 d6 5. c3 g6 6. d3 Bg7 7. Bg5 h6 8. Bd2 0-0 9. 0-0 Be6 10. Na3 Kh7 11. Rfd1 Nh5 12. h3 Qd7 13. d4 a6 14. Bxc6 bxc6 15. dxe5 Rfd8 16. Be3 Qe7 17. g4 Nf6 18. exf6 Bxf6 19. Bd4 c5 20. Bxf6 Qxf6 21. Kg2 a5 22. e5 Qe7 23. Rd2 c6 24. exd6 Rxd6 25. Rad1 Rad8 26. b3 Qc7 27. Rxd6 Rxd6 28. Qe5 1-0

[Event "NED-ch U20 Girls"]
[Site "Haarlem"]
[Date "2012.05.02"]
[Round "5"]
[White "Lambrechts, Anne"]
[Black "Dalemans, Diana"]
[Result "0-1"]
[WhiteElo "1374"]
[BlackElo "1988"]
[PlyCount "70"]
[EventDate "2012.04.28"]
[EventType "tourn"]
[EventRounds "9"]
[EventCountry "NED"]
[SourceTitle "EXT 2013"]
[Source "ChessBase"]
[SourceDate "2012.11.22"]
[SourceVersion "1"]
[SourceVersionDate "2012.11.22"]
[SourceQuality "1"]

1. Nf3 c5 2. c4 g6 3. g3 Bg7 4. Bg2 Nc6 5. 0-0 e6 6. Nc3 Nge7 7. e3 0-0 8. Qc2 d5 9. d4 cxd4 10. exd4 dxc4 11. Rd1 Nd5 12. Ne4 b6 13. Qxc4 Bb7 14. b3 a5 15. Bb2 Ncb4 16. Ne1 Bh6 17. Qf1 Ba6 18. Nd3 Nxd3 19. Rxd3 Nb4 20. Rad1 Nxd3 21. Rxd3 Bg7 22. Qd1 Bxd3 23. Qxd3 Qe7 24. Nc3 Rac8 25. Nb5 Rfd8 26. Ba3 Qf6 27. Bb2 Rd7 28. Bc3 Qd8 29. Bf3 Rxc3 30. Qxc3 Bxd4 31. Nxd4 Rxd4 32. Qe3 Rd3 33. Qe4 Qd5 34. Kg2 Qxe4 35. Bxe4 Rd2 0-1

[Event "NED-ch U20 Girls"]
[Site "Haarlem"]
[Date "2012.04.28"]
[Round "1"]
[White "Lambrechts, Anne"]
[Black "Osinga, Angelique"]
[Result "0-1"]
[WhiteElo "1374"]
[BlackElo "1676"]
[PlyCount "30"]
[EventDate "2012.04.28"]
[EventType "tourn"]
[EventRounds "9"]
[EventCountry "NED"]
[SourceTitle "EXT 2013"]
[Source "ChessBase"]
[SourceDate "2012.11.22"]
[SourceVersion "1"]
[SourceVersionDate "2012.11.22"]
[SourceQuality "1"]

1. e4 e5 2. Nf3 Nc6 3. Bc4 Bc5 4. Nc3 Nf6 5. 0-0 d6 6. d3 Bg4 7. Bg5 Nd4 8. Kh1 Nxf3 9. gxf3 Bh3 10. Re1 Ng4 11. fxg4 Qxg5 12. Bxf7+ Kd7 13. f3 Raf8 14. Bc4 Bf2 15. Re2 Rxf3 0-1